000 00357nam a2200121Ia 4500
005 20260326100026.0
008 260326s9999||||xx |||||||||||||| ||und||
100 _aCollantes de Terán, Francisco
245 0 _aArquitectura Civil Sevillana /
_cFrancisco Collantes de Terán
260 _bAyuntamiento de Sevilla
650 _aARQUITECTURA REGIONAL
942 _cBK
999 _c6391
_d6391